00769nam a22002297a 450000500170000001000130001702000100003003500130004003700160005304000120006908200130008110000250009424500460011926000420016527000420020730000230024965000230027265000160029594200220031199900190033395201870035220170124110153.0 aA-689016 c60.00 aA-689016 bCen Lib/Ret aDPLbEN a110bNIR aNirmal Kumar 934391 aThe tao of psychology /cby Nirmal Kumar  aBombay bBhartiya Vidya Bhavan c1993 bBombay akulpati munshi marg e400007 av, 169p.c19cm(Hb) aPsychology 934392 aMyth930460 2ddccENh110mNIR c132339d132339 04104070aLbLd2015-07-22eCen Lib/Retg60.00l0o110 NIRpA-689016r2015-07-22 00:00:00t1v60.00w2015-07-22yENzWritten off on approval by DLB (By Circulation); dtd 15-06-2023